| 000 | 00349nam a2200133Ia 4500 | ||
|---|---|---|---|
| 008 | 220214s9999 xx 000 0 und d | ||
| 022 | _a0015-7538 | ||
| 245 | 0 | _aFORESTRY ABSTRACTS | |
| 260 |
_bCAB Internationala, Oxon _aU.K. |
||
| 310 | _aM | ||
| 500 | _aEnding Volume & Year: 52, 1991 | ||
| 500 | _aStarting Volume & Year: 41, 1980 | ||
| 942 | _cBJ | ||
| 999 |
_c10317 _d10317 |
||